000 00522nmm a2200181Ia 4500
008 251105s9999||||xx |||||||||||||||||und||
020 _a9789871925476
041 _aspa
100 _aYuni, José A.
245 0 _aPsicología y cultura de los adolescentes
264 _a[Buenos Aires, Argentina] :
_bEditorial Brujas,
_c2016
300 _a194 páginas
650 _aPsychology
700 _aYuni, José A.
700 1 _a Urbano, Claudio A.
856 _uhttps://public.digitaliapublishing.com/a/44354
942 _cCF
999 _c72721
_d72721